Genshin Impact - À chaque personnage, son élément - Statistiques

Statistiques générales
  • Ce quiz a été pris 589 fois
    311 depuis la dernière actualisation
  • Le résultat moyen est 19 sur 20
Statistiques - réponses
Personnage Élément % Correct
Lan Yan Anémo
100%
Xiao Anémo
100%
Alhaitham Dendro
100%
Barbara Hydro
100%
Tartaglia Hydro
100%
Amber Pyro
100%
Klee Pyro
100%
Venti Anémo
98%
Diona Cryo
98%
Fréminet Cryo
98%
Qiqi Cryo
98%
Shenhe Cryo
98%
Skirk Cryo
98%
Lauma Dendro
98%
Yaoyao Dendro
98%
Beidou Électro
98%
Iansan Électro
98%
Razor Électro
98%
Gorou Géo
98%
Ningguang Géo
98%
Zhongli Géo
98%
Kamisato Ayato Hydro
98%
Mualani Hydro
98%
Neuvillette Hydro
98%
Dehya Pyro
98%
Gaming Pyro
98%
Yanfei Pyro
98%
Yoimiya Pyro
98%
Chongyun Cryo
97%
Collei Dendro
97%
Nahida Dendro
97%
Flins Électro
97%
Kuki Shinobu Électro
97%
Faruzan Anémo
96%
Lynette Anémo
96%
Nomade Anémo
96%
Escoffier Cryo
96%
Kaeya Cryo
96%
Layla Cryo
96%
Rosalia Cryo
96%
Émilie Dendro
96%
Kaveh Dendro
96%
Kinich Dendro
96%
Lisa Électro
96%
Sethos Électro
96%
Shogun Raiden Électro
96%
Yae Miko Électro
96%
Navia Géo
96%
Furina Hydro
96%
Sangonomiya Kokomi Hydro
96%
Arlecchino Pyro
96%
Chevreuse Pyro
96%
Hu Tao Pyro
96%
Mavuika Pyro
96%
Sucrose Anémo
95%
Aloy Cryo
95%
Citlali Cryo
95%
Kamisato Ayaka Cryo
95%
Kujou Sara Électro
95%
Albedo Géo
95%
Arataki Itto Géo
95%
Chiori Géo
95%
Mona Hydro
95%
Sigewinne Hydro
95%
Lyney Pyro
95%
Thomas Pyro
95%
Xinyan Pyro
95%
Jean Anémo
94%
Kaedehara Kazuha Anémo
94%
Sayu Anémo
94%
Shikanoin Heizou Anémo
94%
Xianyun Anémo
94%
Yumemizuki Mizuki Anémo
94%
Charlotte Cryo
94%
Eula Cryo
94%
Ineffa Électro
94%
Yun Jin Géo
94%
Aino Hydro
94%
Nilou Hydro
94%
Yelan Hydro
94%
Diluc Pyro
94%
Xiangling Pyro
94%
Wriothesley Cryo
93%
Tighnari Dendro
93%
Dori Électro
93%
Fischl Électro
93%
Noëlle Géo
93%
Candace Hydro
93%
Xingqiu Hydro
93%
Chasca Anémo
92%
Kirara Dendro
92%
Clorinde Électro
92%
Keqing Électro
92%
Baizhu Dendro
91%
Cyno Électro
91%
Varesa Électro
91%
Bennett Pyro
91%
Ifa Anémo
90%
Ganyu Cryo
90%
Mika Cryo
90%
Ororon Électro
90%
Xilonen Géo
90%
Kachina Géo
89%
Dahlia Hydro
87%
Aucun quiz correspondant
Distribution des résultats
% des personnes avec chaque résultat
Percentile par nombre de réponses
Votre historique - résultats
Vous n’avez pas pris ce quiz depuis la dernière actualisation